000 00481nam a2200145 a 4500
001 000029701
005 20200930055736.0
008 110425s2002 dr bd 000 0 spa d
040 _aDO-SdBNP
_bspa
_cBNPHU
082 _axxx
_bA473c
100 1 _aÁlvarez Bogaert, Fernando
_956497
245 1 0 _aChina :
_bpotencia emergente en la política de precios mundiales /
_cFernando Álvarez Bogaert.
260 _aSanto Domingo :
_b[s.n.],
_c2002.
300 _a20 p. :
_bmapa, diagrs. ;
_c24 cm.
999 _c29193
_d29193